00425nam a2200157Ia 45000010006000000050017000060080041000230410008000640820017000721000026000892450099001152600009002143000028002236500008002516540008002591787620260306171549.0260306s9999||||xx |||||||||||||| ||und|| aESP a658.3bCH523 aChapman, Gary D.eAUT 0aLos 5 lenguajes del aprecio en el trabajo:bcómo motivar al personal para mejorar su empresa c2011 a242 páginas :c22 cm. aGEN aCAN